[Event "Bundesliga 0506"]
[Site "Germany"]
[Date "2005.11.13"]
[Round "4.4"]
[White "Naumann, Alexander"]
[Black "Vaganian, Rafael A"]
[Result "1/2-1/2"]
[WhiteElo "2534"]
[BlackElo "2614"]
[Annotator "Psakhis,L"]
[PlyCount "74"]
[EventDate "2005.10.21"]
[EventType "team-tourn"]
[EventRounds "15"]
[EventCountry "GER"]
[SourceTitle "CBM 110"]
[Source "ChessBase"]
[SourceDate "2006.01.31"]
[SourceVersion "1"]
[SourceVersionDate "2006.01.31"]
[SourceQuality "1"]
[WhiteTeam "Solingen"]
[BlackTeam "Porz"]
[WhiteTeamCountry "GER"]
[BlackTeamCountry "GER"]

1. e4 e6 2. d4 d5 3. Nd2 c5 4. exd5 exd5 5. Ngf3 Nf6 6. Bb5+ Bd7 7. Bxd7+ Nbxd7
8. O-O Be7 9. dxc5 Nxc5 10. Nd4 Qd7 11. Qf3 (11. N2f3 O-O 12. Bf4 (12. Ne5 Qc8
13. Qf3 g6 14. h3 Nce4 15. Nd3 Re8 16. Be3 a6 17. Rfd1 Bf8 18. c3 Qc4 19. Bf4
Qa4 20. Re1 Rac8 21. Qd1 Qc4 {1/2-1/2 Gruenfeld,Y (2471)-Rodshtein,M (2372)/
ISR-ch Ramat Aviv 2004}) 12... Rfe8 13. c3 Nce4 14. Ne5 Qc8 15. Nd3 Bd6 16. Re1
Bxf4 17. Nxf4 Qc7 18. g3 Qd7 19. Qc2 Nc5 20. Rad1 Rxe1+ 21. Rxe1 Re8 22. Rd1 g6
23. Ng2 Qh3 24. Ne3 Ng4 25. Nxg4 Qxg4 26. f3 Qd7 27. Qd2 Qa4 28. b3 Qa6 29. Re1
{1/2-1/2 Yemelin,V (2534)-Baklan,V (2614)/EUR-Cup Halkidiki 2002/}) 11... O-O
12. Nf5 (12. Rd1 Rfe8 13. Nf1 Nce4 14. Be3 g6 15. c3 Ng4 16. Nb3 Ne5 17. Qe2
Bf8 18. Bd4 Nc4 19. Qc2 b5 20. Nbd2 Qc6 21. Nxe4 dxe4 22. Nd2 Nd6 23. Re1 Re6
24. Rad1 a5 25. Be3 a4 {0-1 Speelman,J (2605)-Bareev,E (2590)/Hastings 1990/
ChessBase (53)}) (12. c3 g6 13. N2b3 Nce4 14. Bf4 Nh5 15. Ne2 Nxf4 16. Nxf4
Rad8 17. Rad1 Qf5 18. Nd4 Qe5 19. Rfe1 Bd6 20. g3 Rfe8 21. Qd3 Qf6 22. Nh3 Re5
23. f3 Rh5 24. fxe4 dxe4 25. Rxe4 Rxh3 26. Kg2 Rh5 27. Rf1 Qg5 {1/2-1/2 Korbut,
E (2400)-Saunina,L (2280)/St.Petersburg Rudenko mem 2004/ChessBase (49)}) 12...
Rfc8 $146 {Interesting novelty from great master. But according to theory and
simple} (12... Bd8 $5 {promise to black quite comfortable game, for example:}
13. Rd1 (13. h3 Re8 14. Rd1 Rc8 15. Nf1 Nce4 16. c3 Re5 17. N5g3 Qb5 18. a4 Qb3
19. Ne3 Nxg3 20. Qxg3 Be7 21. Qf3 Re8 22. g3 Bd6 23. Kg2 Bc5 24. Qe2 a6 {
1-0 Carlsson,P (2330)-Potkin,V (2530)/Wch B20 Athens 2001/ (46)}) 13... Re8 14.
c4 (14. Nf1 Nce4 15. Be3 (15. c3 Bb6 16. Be3 Re5 17. N1g3 Qb5 18. Rab1 Rae8 19.
Bxb6 {1/2-1/2 Arnason,J (2500)-Bareev,E (2590)/Moscow 1990/ChessBase}) 15...
Re5 16. N1g3 Nxg3 17. Nxg3 Bb6 18. Bxb6 axb6 19. h3 Qb5 20. Qc3 Rae8 21. Qd4
Qc5 22. c3 h6 23. a4 Qc6 24. Kh2 R5e6 25. Rd3 Qc7 {1/2-1/2 Gruenfeld,Y-Lahav,E/
Tel Aviv ASA 1989/ChessBase (83)}) 14... Re5 (14... dxc4 15. Nxc4 Qe6 16. Be3
Qxc4 17. Rac1 Qe4 18. Rxc5 Qxf3 19. gxf3) 15. Ng3 Qe6 (15... d4 $6 16. b4 $1
Ne6 17. Nb3 Rc8 18. Bf4 Nxf4 19. Qxf4 Qe8 20. Qxd4 Bb6 21. c5 Bc7 22. Qc4 h5
23. Nd2 Rd8 24. Nf3 Red5 25. Rxd5 Rxd5 26. Re1 {1-0 Nevednichy,V (2544)
-Cabrilo,G (2487)/Srbija i Crna Gora (63)}) 16. b4 (16. cxd5 Rxd5 17. Ndf1 Rxd1
18. Qxd1 Bb6 19. Be3 Ng4 20. Qf3 Re8) 16... Re1+ 17. Ndf1 Rxd1 18. Qxd1 Na6 (
18... Nce4 19. cxd5 Nxd5 20. Nxe4 Qxe4 21. Ng3 Qc4 22. Bb2 {~~}) 19. b5 Nc7 20.
cxd5 Qxd5 $15) 13. Re1 (13. Nxe7+ Qxe7 14. c3 (14. Nb3 Nxb3 15. Qxb3 Qe5 {
[%cal Cb3b7,Gf6g4]} 16. h3 a5 $5 17. a4 d4 {with reasonable position}) 14...
Re8 15. Nb3 Nxb3 16. axb3 Qe2 $13) 13... Bf8 $11 {Vaganian has managed to
complete his development and has nice position.} 14. Nf1 (14. Nb3 Nxb3 15. cxb3
Ne4 $11) 14... Nce4 15. c3 b5 $1 {[%cal Ga7a5,Gb5b4]} 16. a3 (16. Be3 b4 17.
Bd4 bxc3 18. bxc3 Bc5 $11) 16... a5 17. Be3 b4 18. axb4 axb4 19. cxb4 (19. Rxa8
Rxa8 20. Bd4 bxc3 21. bxc3 Qe6 $11) 19... Bxb4 20. Red1 Bf8 (20... Rxa1 21.
Rxa1 g6 $5 22. Nd4 (22. Nh6+ Kg7 23. Ng3 (23. Ra7 Rc7) 23... Bc5 $1 $15 {
[%csl Rh6]}) 22... Qg4 $11) 21. Bd4 Qe6 22. N1e3 Nd2 $5 (22... Rxa1 23. Rxa1 g6
{also leads to equal game.}) 23. Qf4 Rxa1 24. Rxa1 Nb3 {[%csl Gd4] Although
the position is balanced, black seems to have the easier play.} 25. Rd1 Nxd4
26. Nxd4 Qb6 {[%csl Rb2]} 27. b3 (27. Ng4 Nxg4 28. Qxg4 Rc4 $1 29. b3 Rb4 $15)
27... Re8 $1 28. Nec2 (28. Qg5 $143 $2 Ne4 $1 $17) 28... g6 (28... Bc5 $5 $15)
29. h3 Ne4 30. Qf3 $1 ({I think that Naumann rightly avoided the line} 30. Ne3
$2 Nc3 31. Rd3 Qa6 $1 32. Rxc3 Qa1+ 33. Kh2 Bg7 $1 $17 {[%cal Oa1c3,Ce3d5,
Rg7e5]} (33... Qxc3 $2 34. Nxd5)) 30... Bg7 (30... Bc5 $5 {[%csl Gc5]}) 31. Ne2
Qb5 32. Ncd4 Qc5 33. Qd3 Rc8 34. Qe3 Qb4 35. Qd3 Nc3 36. Nxc3 Rxc3 37. Qb5 (37.
Qd2 $5) 37... Qxb5 (37... Qxb5 38. Nxb5 Rc5 39. Nd4 $11) 1/2-1/2

[Event "EU-Cup 21st"]
[Site "Saint Vincent"]
[Date "2005.09.23"]
[Round "6.4"]
[White "Socko, Bartosz"]
[Black "Kiriakov, Petr"]
[Result "1-0"]
[WhiteElo "2615"]
[BlackElo "2571"]
[Annotator "Psakhis,L"]
[PlyCount "107"]
[EventDate "2005.09.18"]
[EventType "team-swiss"]
[EventRounds "7"]
[EventCountry "ITA"]
[SourceTitle "CBM 110"]
[Source "ChessBase"]
[SourceDate "2006.01.31"]
[SourceVersion "1"]
[SourceVersionDate "2006.01.31"]
[SourceQuality "1"]
[WhiteTeam "Warsaw Polonia"]
[BlackTeam "Saransk"]
[WhiteTeamCountry "POL"]
[BlackTeamCountry "RUS"]

1. e4 e6 2. d4 d5 3. Nd2 a6 4. Ngf3 c5 5. exd5 exd5 6. dxc5 Bxc5 7. Nb3 Bb6 {
I like this move.Black keep bishop on important diagonal g1-a7 and ready for
active counterplay. Another options are:} (7... Ba7) (7... Be7) 8. Bg5 ({
Big popularity got in modern practice} 8. Qe2+ {but I think that black has
good chances for equalization after for example} Ne7 $5 (8... Qe7 {I believe
that it's better for black to avoid queen's exchange , and in modern practice
white often get small, but lasting advantage, for example} 9. Nfd4 $146 Bg4 $1
(9... Nf6 10. Bg5 h6 11. Bxf6 gxf6 12. O-O-O Qxe2 13. Bxe2 Nc6 14. f4 O-O 15.
Bf3 Rd8 16. Rhe1 Kf8 17. c3 Ne7 18. Nc2 Be6 19. Nbd4 Rd6 20. Re2 Bd7 21. g3 Rc8
22. Red2 Ba7 23. Ne3 Ba4 24. Re1 Bd7 $14 {1-0 Motylev,A (2634)-Nikolic,P (2653)
/EUR-Cup Halkidiki 2002/(61)}) 10. f3 (10. Qxe7+ Nxe7 11. Be3 Nd7 $14) 10...
Bd7 11. Bf4 (11. Bg5 Qxe2+ 12. Bxe2 Nc6 13. O-O-O Nge7 14. Rhe1 Nxd4 15. Nxd4
f6 16. Be3 Bc7 17. f4 Kf7 18. Bf3 Rad8 19. g3 h5 20. Bg1 h4 $14 {0-1 Zapata,A 
(2472)-Kiriakov,P (2555)/Santo Domingo op 2003/(58)}) 11... Nc6 12. O-O-O Qxe2
13. Bxe2 Nge7 14. Nxc6 $1 (14. Rhe1 Nxd4 15. Nxd4 O-O-O $11) 14... Bxc6 15. Bd3
(15. Nd4 Bd7 16. Rhe1 O-O-O) 15... O-O 16. Rhe1 Rfe8 17. Be3 Bc7 (17... Bxe3+
18. Rxe3 Ng6 19. Rxe8+ Rxe8 20. Bxg6 hxg6 21. Nd4 $14) 18. g3 $14 {1-0 Adams,M
(2744)-Gurevich,M (2633)/Deutschland 2001/ChessBase (56)}) 9. Be3 Bg4 10. Bxb6
Qxb6 11. h3 Bxf3 12. Qxf3 Nbc6 {1/2-1/2 Oral,T-Nikolic,P/Selfoss 2002/ (12)'})
8... Nf6 ({It is possible to recommend also} 8... Ne7 {and after for example}
9. Qd2 O-O (9... Nbc6 10. Be2 O-O 11. O-O h6 12. Be3 Re8 13. Rad1 Bg4 (13...
Nf5 $1 14. Bxb6 Qxb6 15. Rfe1 Be6 {#C5 a5=}) 14. Rfe1 Bxe3 15. Qxe3 Ng6 16. Qd2
Qf6 17. Nfd4 $14 Bxe2 18. Rxe2 Rxe2 19. Qxe2 Nf4 $11 {1-0 Matulovic,
M-Andersson,U/Titovo Uzice ChessBase (50)}) 10. O-O-O Nbc6 11. h3 Re8 12. Be3
Bf5 13. Nfd4 Bg6 14. h4 Rc8 15. h5 Be4 {0-1 De la Villa,J-Topalov,V/Palma op.
1992/ChessBase (55) black easily equalized chances}) 9. Qe2+ (9. Qd2 Qe7+ 10.
Qe2 Be6 11. O-O-O h6 12. Be3 Qc7 13. Nfd4 O-O 14. f3 a5 15. Nb5 Qd8 16. Nc5
Nbd7 17. Nxb7 Qb8 18. Bxb6 Nxb6 19. Nc5 Bf5 20. Qe3 Rc8 21. Rd2 Bg6 $132 {
1-0 Jaracz,P (2513)-Gurevich,M (2641)/Metz op 2002/ (68)}) (9. Bd3 O-O 10. O-O
Nc6 11. Qd2 Bg4 12. Qf4 Bc7 13. Qxg4 Nxg4 14. Bxd8 Rfxd8 15. Rad1 Bb6 16. h3
Nge5 17. c3 Nxf3+ 18. gxf3 Ne5 19. Kg2 Nc4 20. Bxc4 dxc4 21. Nd2 Rac8 22. Ne4
Kf8 23. f4 Ke7 {Ivanov,V (2460)-Tereick,B (2155)/Bad Zwesten op 2005/CBM 104
ext/1-0 (53)}) 9... Be6 10. Nbd4 $146 ({It is not easy correctly evaluate
positiona and after} 10. Nfd4 O-O {Interesting novelty.Black sacrifice pawn
but gets advantage in development.I am not sure that Black is getting full
compensation for the pawn, but at least game become very interesting!} 11. Nxe6
fxe6 12. Qxe6+ Kh8 13. O-O-O Nc6 14. Bd3 Qc7 {with some compensation for
sacrificed pawn.}) 10... Qe7 (10... O-O 11. Nxe6 fxe6 12. Qxe6+ Kh8 13. O-O-O
Nc6 14. Bxf6 $16) 11. O-O-O Nc6 12. Nxc6 (12. Bxf6 Qxf6 13. Nxe6 Qxe6 $5 $11 (
13... fxe6 14. Rxd5 Bxf2 $5)) 12... bxc6 13. Nd4 Bxd4 14. Rxd4 h6 15. Bh4 (15.
Bxf6 Qxf6 16. Qe3 O-O 17. Rf4 Qd8 $132) 15... g5 ({Perhaps Kiriakov should
have considered} 15... c5 $5 {but after} 16. Rd1 ({Greedy} 16. Bxf6 Qxf6 17.
Rxd5 O-O 18. Rxc5 Rab8 {[%csl Rc1]} 19. Re5 Rfc8 20. Qe3 $5 Bxa2 21. Bd3 Bc4
$132 {promise good counter play for black.}) 16... d4 17. Qe5 O-O ({or} 17...
g5 18. Bg3 O-O 19. h4 $14) 18. Bd3 Rab8 {[%cal Cd3a6,Ge7b7]} 19. Bxf6 {I would
prefer to play with white pieces.}) 16. Bg3 Ne4 17. f3 (17. Qe3 $5) 17... Nxg3
18. hxg3 Qf6 $6 {This move is the main reason for further difficulties for
Black.} ({After} 18... c5 $5 19. Rd2 (19. Ra4 c4 $132) 19... Qd6 20. g4 d4 {
Black's position is not so bad.}) 19. Ra4 (19. Qe3 $6 {[%cal Ge3c3]}) 19... O-O
20. Qe3 $14 {[%csl Ra6,Rg8] White will systematically improve his position,
black has big troubles to defend both flanks.} Kg7 (20... Rfb8 $5 21. c3 Bf5
22. g4 $14) 21. g4 Rfe8 22. Qc5 Bd7 23. Bd3 $36 {[%csl Ra6,Rg7,Rh6]} Re5 24.
Rd1 a5 25. a3 $1 {Avoiding simple trap:} (25. Rxa5 $4 Qf4+ $1 26. Kb1 Qd2 $19)
25... Qd8 26. Kb1 Qc7 27. Bf1 (27. g3 $5) 27... Be8 (27... Kg8 $5) 28. Rad4 {
[%cal Rd4d5]} Qb7 29. f4 (29. Bd3 $5) 29... Qe7 30. Qc3 gxf4 31. Rxf4 f6 32.
Bd3 c5 33. Rdf1 Re6 (33... c4 34. Rxf6 $1 Re1+ (34... Qxf6 35. Rxf6 Kxf6 36.
Bxc4 $1 $18) 35. Ka2 $1 Qe5 36. Rb6 Qxc3 37. Rb7+ Bf7 38. Rfxf7+ Kh8 (38... Kg8
$4 39. Bh7+) 39. bxc3 cxd3 40. cxd3 $18) 34. Rf5 {[%cal Of5d5,Cc5c4,Cc4d3,
Gg4g5]} d4 $8 (34... c4 35. g5 Kg8 36. gxf6 Qf7 37. Bxc4 $1 dxc4 38. R5f3 Kf8
39. Rg3 $18) 35. Qxc5 Re1+ (35... Qxc5 36. Rxc5 Bf7 37. Kc1 $5 $18 {[%cal
Gc1d2]}) 36. Rxe1 Qxe1+ 37. Ka2 Bf7+ 38. Bc4 $18 {Blck has lost simply pawn
without getting anything for it!} Rf8 39. Bxf7 (39. Qxd4) 39... Rxf7 40. Qxd4
Qe2 41. Rxa5 ({Another promising possibility was} 41. c4 $5 Qxg2 42. Rxa5 $18)
41... Qxc2 42. g5 $1 {This move clearly shows that White choose Black Monarch
as a main target!} Qxg2 43. gxf6+ Rxf6 (43... Kg6 44. Qf4 Kh7 45. Rh5 Qg6 46.
Rf5 $18) 44. Ra7+ Kg6 45. Qd3+ Kh5 (45... Rf5 46. Ra6+ Kg5 47. Qe3+ Rf4 48.
Qe5+ Kg4 49. Rg6+) 46. Ra5+ Kg4 {It is better to die standing than to live on
your knees! Kiriakov plays this part of the game in Steinitz style.} 47. Qd4+ (
47. Ra4+ $5) 47... Rf4 48. Qd7+ Kg3 49. Rc5 (49. Rh5 $1) 49... Qa8 (49... Qe4
$5 50. Qg7+ Kf2 51. Qxh6 $18) 50. Qg7+ Kf2 51. Qxh6 Qg8+ 52. Kb1 Re4 53. Qh2+
Kf3 54. Rc3+ 1-0

[Event "RUS-chT 11th"]
[Site "Sochi"]
[Date "2004.04.24"]
[Round "5.2"]
[White "Akopian, Vladimir Eduardovic"]
[Black "Dolmatov, Sergey"]
[Result "1/2-1/2"]
[WhiteElo "2689"]
[BlackElo "2573"]
[Annotator "Psakhis,L"]
[PlyCount "53"]
[EventDate "2004.04.20"]
[EventType "team-tourn"]
[EventRounds "9"]
[EventCountry "RUS"]
[SourceTitle "EXT 2020"]
[Source "ChessBase"]
[SourceDate "2019.10.17"]
[SourceVersion "1"]
[SourceVersionDate "2019.10.17"]
[SourceQuality "1"]
[WhiteTeam "Tomsk 400"]
[BlackTeam "Samara Termosteps"]
[WhiteTeamCountry "RUS"]
[BlackTeamCountry "RUS"]

1. e4 e6 2. d4 d5 3. Nd2 c5 4. exd5 exd5 5. Ngf3 Nf6 6. Bb5+ Bd7 7. Bxd7+ Nbxd7
8. O-O Be7 9. dxc5 Nxc5 10. Nb3 Nce4 11. Nfd4 Qd7 (11... O-O $6 12. Nf5 Re8 13.
Nxe7+ Qxe7 14. Be3 Nd6 15. Bd4 Nd7 16. Qd2 Ne4 17. Qf4 Nef6 18. Rad1 Qb4 19.
Qf3 a6 20. c3 $14 {[%csl Gd4] 1-0 Ye Jiangchuan-Pelletier,Y/Bled Olympiad 2002/
(38)}) 12. f3 (12. Qf3 O-O 13. Nf5 Bd8 14. Be3 g6 15. Ng3 Re8 16. Rfd1 Qc8 17.
c3 a5 18. a4 Ra6 19. h3 Nxg3 20. Qxg3 Ne4 $11 {1/2-1/2 Holzke,F-Psakhis,L/
Pardubice KB op 2003/ (26)}) 12... Nd6 13. Nc5 Qc8 (13... Qc7 14. Nd3 O-O 15.
b3 Rfe8 16. Be3 Nd7 17. Qd2 Bf6 18. Rfe1 Nb6 19. Bf2 h6 20. a4 Rad8 21. Rxe8+
Rxe8 22. Re1 Rxe1+ 23. Nxe1 Nbc8 24. Nd3 Ne7 25. Ne2 Ndf5 $13 {1-0 Timofeev,
A-Lastin,A/Moscow Aeroflot op-A 2004/(62)}) 14. Nd3 O-O 15. Be3 (15. b3 Bd8 16.
Be3 Re8 17. Bf2 Ba5 18. a4 a6 19. b4 Bb6 20. a5 Ba7 21. Nb3 Bxf2+ 22. Rxf2 Qc3
23. Qd2 Qc4 24. Ndc5 Re7 25. Na4 Rae8 $11 {Sakelsek,T-Doornbos,Y/FRA t-ch 2004/
1/2-1/2 (65)}) 15... Bd8 (15... Re8 16. Bf2 Nf5 17. Qd2 Bd6 18. Rae1 Nxd4 19.
Bxd4 Qf5 20. Rxe8+ Nxe8 21. Re1 Nc7 22. Be5 Bxe5 23. Rxe5 $14 {1/2-1/2 McShane,
L-Summerscale,A/Southend Redbus KO 2002/ (35)}) 16. Bf2 Re8 17. a4 (17. Re1 Bb6
18. Qd2 Qc4 19. b3 Qc7 20. Rxe8+ Rxe8 21. Re1 Qd7 22. Rxe8+ Ndxe8 23. a4 Qd8
24. g3 g6 25. Kg2 Kg7 26. Qc3 Kg8 27. Qd2 Kg7 28. Nf4 $14 {Godena,M-Sharif,M/
FRA t-ch final 2004/1/2-1/2 (43)}) 17... Nc4 $5 $146 (17... Nf5 18. Qd2 Bb6 19.
Nxf5 Bxf2+ 20. Qxf2 Qxf5 21. Rfe1 Qc8 22. Rxe8+ Qxe8 23. b3 Qc6 24. Re1 Re8 25.
Rxe8+ Nxe8 26. Qe3 $36 {1-0 McShane,L-Pert,N/BCF-ch Torquay 2002/CBM 91/
[McShane] (43)}) (17... a6 18. Kh1 Bb6 19. a5 Ba7 20. b3 Qd7 21. Nf4 Rac8 22.
Qd2 h6 {1/2-1/2 Wells,P-Kindermann,S/AUT t-ch 0203 2003/ (22)}) 18. Qc1 (18. b3
Ne3 19. Bxe3 Rxe3 20. Qd2 Re8 {[%cal Gd8b6]} 21. a5 $5) 18... Bb6 {[%csl Gb6]
[%cal Gb6f2] This is also a typical maneuvre for such positions.} 19. b3 Na5 {
[%cal Ga5c6] Sergey Dolmatov wants to exchange the strong white knight.
Understanding which pieces to exchange and which to keep characterizes a very
good player!} (19... Ne5 20. Nxe5 Rxe5 21. Qd2 $14) 20. Qf4 Nc6 {An optimal
place for the knight} (20... Bxd4 21. Bxd4 Qxc2 22. Nb4 $140 Nh5) 21. Nf5 $1 {
[%csl Gf5]} Bxf2+ 22. Rxf2 Qd8 23. g4 {[%csl Gf5]} (23. Rd1 Nh5 24. Qg4 g6 $11
{doesn't give something special to white}) 23... d4 $5 {[%cal Gf6d5,Gd5e3]} 24.
Qg5 (24. Nd6 Re7) 24... g6 25. Nh6+ Kg7 (25... Kf8 26. Qf4 $5 $36) 26. Nf5+ Kg8
27. Nh6+ {Quite important game for theory.} 1/2-1/2

[Event "RUS-Cup03 Geller Memorial"]
[Site "Moscow"]
[Date "1999.02.08"]
[Round "7"]
[White "Lastin, Alexander"]
[Black "Goloshchapov, Alexander"]
[Result "1-0"]
[WhiteElo "2558"]
[BlackElo "2446"]
[Annotator "Psakhis,L"]
[PlyCount "143"]
[EventDate "1999.02.10"]
[EventType "swiss"]
[EventRounds "9"]
[EventCountry "RUS"]
[SourceTitle "CBM 070"]
[Source "ChessBase"]
[SourceDate "1999.06.08"]
[SourceVersion "1"]
[SourceVersionDate "1999.06.08"]
[SourceQuality "1"]

1. e4 e6 2. d4 d5 3. Nd2 c5 4. exd5 exd5 5. Ngf3 Nf6 6. Bb5+ Bd7 7. Bxd7+ Nbxd7
8. O-O Be7 9. dxc5 Nxc5 10. Re1 O-O 11. Nf1 Re8 12. Be3 a5 $5 {Black make this
move in every second in this popular variant, but they have and other options,
I don,t see white advantge after} (12... Nce4 {for example} 13. Bd4 Qc7 14. Ne3
Rad8 15. c3 Bc5 16. Bxc5 Nxc5 $11 17. Qc2 {1/2-1/2 Iuldachev,S-Psakhis,L/
Elista ol 1998 (17)}) 13. Re2 $5 (13. Bd4 Ne6 14. Be5 Bc5 15. Ne3 Ne4 16. Re2
N6g5 17. Nxg5 (17. Qxd5 Bxe3 18. Qxd8 Bxf2+ 19. Kf1 Raxd8 20. Bf4 h6 21. Rxf2
Nxf2 22. Kxf2 Nxf3 23. gxf3 Rd4 $19 {0-1 Kostenko-Dizdar,G/World t-ch Luzern
1997 (49)}) 17... Qxg5 18. Bd4 Nxf2 19. Rxf2 Bxd4 20. Qxd4 Qxe3 21. Qxd5 Re7
22. Rd1 Qb6 23. c4 Rae8 24. c5 Qb5 25. h3 {1/2-1/2 Sermek,D-Dizdar,G/Pula 1993
(25)}) (13. Nd4 Qd7 14. Qf3 Nce4 15. Nf5 Bf8 16. Bd4 Re6 17. Qd1 Rae8 18. N5e3
Bc5 19. c3 Qb5 20. Bxc5 Qxc5 {1/2-1/2 Yemelin,V-Dolmatov,S/Novgorod op 1999 
(20)}) 13... b5 14. Bd4 Ne6 15. Be5 Ng4 {Deserves attention also} (15... Bc5 $5
16. Ne3 Ng5 {1/2-1/2 Rozentalis,E-Gurevich,M/Belfort 1998 (16)}) 16. Bg3 b4 17.
Rd2 {N/ Improvment compare to unsufficient exchange sacrifice-} (17. Rxe6 $6
fxe6 18. Nd4 Bf6 (18... e5 $5 19. Ne6 $140 Qd7 20. Qxg4 Bf6) 19. Qxg4 h5 20.
Qd1 h4 21. Bf4 e5 $15 {0-1 Rozentalis,E-Bareev,E/Elista olm 1998/CBM 66 ext 
(40), but I am not sure that black have serious troubles after modest move in
the game}) 17... Qb6 ({Possible also} 17... Nc7 {and in the case of} 18. Bxc7
$140 Qxc7 19. Rxd5 Bc5 $44 {black has enough compensation for the pawn.}) 18.
Rxd5 (18. h3 $5 Nf6 19. Ne3 Ne4 20. Nxd5 Qb7 21. Rd3 Nxg3 22. fxg3 Bc5+ (22...
Nc5 $5)) 18... Bc5 {[%csl Gb6,Gc5,Ge6,Gg4]} 19. Qd2 (19. Rd2 Rad8 20. Qc1 $1 a4
$44) 19... Nf6 {It is clear, that black solved all opening problems and it is
time fore white beware of blacks activity/} 20. Re5 $8 (20. Rd3 Ne4 21. Qe1 Nf4
$1 {[%csl Gb6,Gc5,Ge4,Ge8,Gf4][%cal Rc5f2,Re4f2,Re8e1]}) 20... Rad8 21. Qe1 (
21. Qc1 $142 $5) 21... Nd4 $1 22. Rd1 Nxf3+ 23. gxf3 Bd4 24. Re7 Qc5 $1 25.
Rxe8+ Rxe8 26. Qd2 Bxb2 $36 {[%csl Ra2,Rc2,Rf3] Black won pawn back, there
pieces are active, pawn structure perfect and it is difficult to believe in
this moment, that Lastin will manage to win this game.} 27. Ne3 h6 (27... Qc6
28. Qe2) (27... g6 $5) 28. Qd3 g6 29. Nc4 Bc3 30. Bf4 Rc8 31. Nd6 Rd8 32. Qe2
Qc6 (32... Qc7 $5 33. Bg3 Nh5 $36) 33. Rd3 Nh5 $2 ({After} 33... Rd7 $1 {
black still slightly better}) 34. Qe7 Rd7 (34... Rf8 $5 35. Bxh6 Bg7 36. Bxg7
Nxg7 37. Nxf7 $1 Nf5 38. Qe4 Qxe4 39. fxe4 Rxf7 40. exf5 Rxf5 41. c3 $1 $14)
35. Qe8+ Kg7 $2 $138 {[%mdl 8192] Big mistake ( time troubles? ) allows white
get big advantage, while after} (35... Kh7 $1 36. Nxf7 Rxd3 $1 37. Qxc6 Rd1+
38. Kg2 Nxf4+ 39. Kg3 Bd2 $1 40. h4 (40. Qc7 Rg1+ 41. Kh4 Ng2+ 42. Kg4 Nf4+ 43.
Kh4 $11) 40... Ne2+ 41. Kh3 Rh1+ 42. Kg2 Rg1+ 43. Kh2 Bf4+ $11 {drawish result
of the game was inevitavle !}) 36. Bxh6+ $1 {Punishment!} Kh7 (36... Kxh6 37.
Nxf7+ Kh7 38. Rxd7 $18) 37. Nxf7 ({Enough for victory, but even stronger was
to play} 37. Ne4 $142 Rc7 (37... Rxd3 38. Qxc6 Rd1+ 39. Kg2 Kxh6 40. Nxc3 bxc3
41. h4 $1 Nf4+ 42. Kh2 $18) 38. Qf8 f6 (38... Bf6 39. Rd6) 39. Bg5 $1 $18 {
with quick end.}) 37... Rc7 38. Qxc6 Rxc6 39. Rd7 Bg7 40. Be3 Rc8 (40... Rxc2
41. Ng5+ Kh6 42. Ne6+ g5 (42... Kh7 43. Nxg7 Nxg7 44. Bd4) 43. Rd5 $1 Bf6 (
43... Rxa2 44. Rxg5 $18) 44. Rxa5 $18) 41. Ra7 Kg8 42. Ng5 Bf6 43. Rxa5 Rxc2
44. Ra8+ Kg7 45. Ra7+ Kg8 46. Ne6 Bb2 47. Bh6 $18 {Other moves were not
obligatory, white with two pawns up and active pieces slowly, but surely
transformed material advantage into victory.} Bc1 48. f4 Re2 49. Ng5 Re8 50.
Nh3 Rb8 51. Kg2 b3 52. axb3 Rxb3 53. Ra4 Rc3 54. Re4 Rb3 55. Ng1 Kh7 56. Bg5
Rb7 57. Rc4 Bb2 58. Ne2 Rf7 59. Ng3 Ng7 60. Kf3 Ba1 61. h4 Bb2 62. Kg4 Ba1 63.
Rb4 Bc3 64. Rb5 Bd4 65. f3 Bc3 66. f5 gxf5+ 67. Nxf5 Ne6 68. Rb6 Nd4 69. Rf6
Rd7 70. Rh6+ Kg8 71. Ng3 Bb4 72. Ne4 1-0